Emmy Comedic Lead Actor Winners' Characters Quiz Stats

 Plays Quiz not verified by Sporcle

Score 0/20 Timer 04:00
0 Plays Today
% Correct
Sheldon Cooper
The Big Bang Theory
97.7%
Frasier Crane
Frasier
94%
Raymond Barone
Everybody Loves Raymond
93.1%
Sam Malone
Cheers
92.1%
Adrian Monk
Monk
90.3%
Hawkeye Pierce
MASH
88.8%
Will Truman
Will & Grace
87.9%
Archie Bunker
All in the Family
87.1%
Alex P. Keaton
Family Ties
86.7%
Alan Harper
Two & a Half Men
86.3%
% Correct
Maxwell Smart
Get Smart
84%
Benson DuBois
Benson
80.8%
Jack Donaghy
30 Rock
78.3%
Dick Solomon
3rd Rock from the Sun
76.8%
Oscar Madison
The Odd Couple
75.1%
Jack Tripper
Three's Company
74.7%
Barry Berkman
Barry
68.6%
Andy Millman
Extras
66.7%
Earn Marks
Atlanta
64.5%
Wood Newton
Evening Shade
58.4%

You're not logged in!

Compare scores with friends on all Sporcle quizzes.
OR
Log In

Show Comments

Extras

Top Quizzes Today


Score Distribution

Your Account Isn't Verified!

In order to create a playlist on Sporcle, you need to verify the email address you used during registration. Go to your Sporcle Settings to finish the process.

Report this User

Report this user for behavior that violates our Community Guidelines.

Details: